[Event "HUN-ch Rapid 2020"]
[Site "Ajka"]
[Date "2020.07.17"]
[Round "1.1"]
[White "Berkes, Ferenc"]
[Black "Piroska, Istvan"]
[Result "1-0"]
[WhiteElo "2661"]
[BlackElo "2145"]
[Annotator "TA"]
[PlyCount "51"]
[EventDate "2020.07.17"]
[EventType "rapid"]
[EventCountry "HUN"]
[SourceTitle "playchess.com"]
[Source "ChessBase"]
[SourceQuality "1"]

{[%evp 11,51,22,29,21,41,18,30,19,71,60,55,56,93,87,99,107,101,106,125,126,119,131,220,221,214,174,163,169,168,158,159,143,193,186,233,222,253,230,298,292,846,833]} 1. d4 d5 2. c4 dxc4 3. Nf3 Nf6 4. e3 e6 5. Bxc4 c5 6. O-O a6 7. Be2 {D27: Queen's Gambit Accepted: Classical main line: 7 e4!? and 7 a4.} Nc6 8. Ne5 Nxe5 9. dxe5 {White has an edge.} Qxd1 (9... Nd5 $11) 10. Rxd1 $16 {[#]} Nd7 $146 ({Predecessor:} 10... Nd5 11. Bf3 Nc7 12. Nd2 Be7 13. Nc4 O-O 14. Bd2 Rb8 15. Ba5 Na8 16. Nb6 Nxb6 17. Bxb6 {1-0 (32) Kasparov,G (2812)-Bonnet,E (2147) Besancon 1999}) 11. f4 b5 12. a4 $36 {[%cal Ba2a4,Ba4a5][%mdl 2080] Keeping Black busy.} b4 13. Bf3 Rb8 14. Nd2 Nb6 15. a5 Nd5 16. Nc4 Bb7 (16... f5 $16 {was worth a try.}) 17. e4 $18 Nc7 18. Nd6+ Bxd6 19. exd6 Nb5 20. Be3 {[#] Hoping for d7+.} Kd7 21. Bxc5 b3 22. Rac1 Rhc8 23. Kf2 f6 24. Ke3 Ba8 25. h4 Nc3 $2 {[#]} (25... g6 26. h5 Rh8) 26. Rxc3 {White took control after the opening. Accuracy: White = 93%, Black = 41%.} 1-0

[Event "HUN-ch Rapid 2020"]
[Site "Ajka"]
[Date "2020.07.17"]
[Round "1.2"]
[White "Paksa, Rudolf"]
[Black "Almasi, Zoltan"]
[Result "0-1"]
[WhiteElo "2048"]
[BlackElo "2687"]
[Annotator "TA"]
[PlyCount "68"]
[EventDate "2020.07.17"]
[EventType "rapid"]
[EventCountry "HUN"]
[SourceTitle "playchess.com"]
[Source "ChessBase"]
[SourceQuality "1"]

{[%evp 23,68,-12,0,-20,-18,-23,-19,-46,-14,-20,-15,-27,-18,-18,-12,-41,-39,-52,-28,-70,-16,-23,-9,-52,-20,-24,10,-119,-31,-30,-37,-96,-83,-226,-210,-315,-308,-309,-303,-409,-385,-466,-458,-443,-457,-457,-450]} 1. e4 c5 2. Nf3 e6 3. d4 cxd4 4. Nxd4 Nc6 5. Nc3 a6 6. Be3 Nf6 7. a3 Qc7 8. Be2 Be7 9. O-O O-O 10. Qd2 b5 11. f4 Nxd4 12. Qxd4 d6 13. Kh1 {B88: Sicilian: Sozin Attack.} Bb7 14. Bf3 {[#]} Rac8 $146 ({Predecessor:} 14... e5 15. Qd2 Rac8 16. Rae1 Qc6 17. f5 a5 18. Bg5 Qc4 19. Bxf6 Bxf6 20. Be2 Qd4 {½-½ (49) Heino,A-Niemela,T Lappeenranta 2000}) 15. Rae1 {The position is equal.} e5 (15... d5 $5 16. exd5 Nxd5 17. Nxd5 Bxd5 $11) 16. Qd3 Qc4 17. Rf2 Rfd8 18. Bb6 Re8 19. Be3 Bf8 20. f5 h6 (20... d5 $5 21. Nxd5 Bxd5 22. exd5 Qa2 $15) 21. h3 Red8 (21... d5 $15 22. exd5 (22. Nxd5 Bxd5 23. exd5 Qh4 $17) 22... Bxa3 23. Qxc4 Rxc4 24. Nxb5 Bb4) 22. Bb6 Rd7 23. Rd2 Qxd3 24. Rxd3 Rc4 25. Kh2 (25. Ba5 $11 {keeps the balance.}) 25... Be7 (25... b4 $1 $17 {[%cal Rb4c3]} 26. axb4 Rxb4 {[%mdl 64] Double Attack}) 26. Bf2 Bd8 27. g4 {[#]} (27. Re2 $15) 27... Ba5 $1 $17 28. h4 {[#] White does not recover from this.} (28. Ree3 $17 {might work better.}) 28... Bxc3 $1 $19 29. bxc3 (29. Rxc3 $142 Rxc3 30. bxc3) 29... Bxe4 30. Bxe4 Nxe4 31. Bg3 {and the idea Bxe5 leaves White hopeful.} f6 32. g5 hxg5 {Black is clearly winning.} 33. hxg5 Nxg5 34. Red1 Ne4 {Accuracy: White = 35%, Black = 69%.} 0-1

[Event "HUN-ch Rapid 2020"]
[Site "Ajka"]
[Date "2020.07.17"]
[Round "1.3"]
[White "Balogh, Csaba"]
[Black "Reviczki, Roland"]
[Result "1-0"]
[WhiteElo "2580"]
[BlackElo "2095"]
[Annotator "TA"]
[PlyCount "59"]
[EventDate "2020.07.17"]
[EventType "rapid"]
[EventCountry "HUN"]
[SourceTitle "playchess.com"]
[Source "ChessBase"]
[SourceQuality "1"]

{[%evp 12,59,26,22,29,1,30,25,33,32,52,37,45,45,45,40,56,42,56,58,78,89,95,79,81,79,106,100,169,158,168,141,307,156,246,219,226,236,224,210,215,225,473,485,645,636,624,622,615,594]} 1. e4 c5 2. Nf3 Nc6 3. Bb5 g6 4. Bxc6 dxc6 5. d3 Bg7 6. h3 Nf6 7. Nc3 O-O {B31: Sicilian: 2...Nc6 3 Bb5 g6.} 8. Bf4 Nd7 9. Qd2 e5 {White has an edge.} 10. Bh6 Qc7 11. O-O Re8 12. Bxg7 Kxg7 13. Nh2 Nf8 14. f4 exf4 $1 15. Rxf4 Ne6 16. Rf2 $36 {[%mdl 2048] White is in control.} Nd4 17. Raf1 Be6 18. Nd1 {[%cal Bc3d1,Bd1e3,Be3f5][%mdl 32]} Rad8 19. Ne3 h5 (19... f5 $16 {is a better defense.}) 20. c3 $18 Nb5 {[#]} 21. Nf5+ $1 {[#]} Kg8 $146 (21... gxf5 $16 {keeps fighting.} 22. exf5 f6 23. fxe6 {[%mdl 64] Discovered Attack} Rxe6) ({Predecessor:} 21... Bxf5 22. exf5 Nd6 23. Qg5 Kh7 24. fxg6+ fxg6 25. Rf6 Qg7 26. Qxc5 Qe7 27. R1f3 Qe5 28. Qxe5 Rxe5 {1-0 (67) Zeman,M (2275)-Vanduyfhuys,D (2078) Klatovy 2019}) 22. Qh6 ({White has to play} 22. Nh6+ $18 Kg7 23. Nxf7 Bxf7 24. Rxf7+ Qxf7 25. Rxf7+ Kxf7 26. Qh6) 22... Qe5 (22... Bxf5 $16 {was called for.} 23. exf5 Qd6) 23. Nf3 Qh8 {[#]} 24. Qg5 $1 Bxf5 25. exf5 {Hoping for a4.} Rd5 26. Nh4 {Strongly threatening c4.} Qg7 $2 (26... Nd6 27. c4 Rde5) 27. c4 {[%mdl 64] Double Attack. White is clearly winning.} f6 28. Qxg6 Qxg6 29. fxg6 Rd4 30. Nf5 {White took control after the opening. Accuracy: White = 83%, Black = 56%.} 1-0

[Event "HUN-ch Rapid 2020"]
[Site "Ajka"]
[Date "2020.07.17"]
[Round "1.4"]
[White "Werner, Anna"]
[Black "Balog, Imre"]
[Result "0-1"]
[WhiteElo "1926"]
[BlackElo "2567"]
[Annotator "TA"]
[PlyCount "60"]
[EventDate "2020.07.17"]
[EventType "rapid"]
[EventCountry "HUN"]
[SourceTitle "playchess.com"]
[Source "ChessBase"]
[SourceQuality "1"]

{[%evp 11,60,0,25,0,0,0,0,0,3,-2,3,0,0,6,16,0,26,22,24,-1,0,0,18,-85,6,-20,-12,-13,3,-75,-55,-116,-125,-122,-66,-72,-63,-79,-81,-102,-98,-97,-88,-286,-290,-386,-384,-692,-676,-654,-654]} 1. d4 Nf6 2. c4 e6 3. Nf3 b6 4. e3 Bb7 5. Bd3 Bb4+ 6. Bd2 Qe7 7. a3 {E11: Bogo-Indian.} Bxd2+ 8. Nbxd2 c5 9. O-O {The position is equal.} d6 10. Qe2 O-O 11. e4 cxd4 12. Nxd4 Nbd7 {[#]} 13. b4 $146 ({Predecessor:} 13. Rad1 Rac8 14. f4 Rfd8 15. g4 Ne8 16. Qf2 g6 17. f5 exf5 18. exf5 Ne5 19. Be2 {0-1 (36) Pinto Krause,K (1905)-Carrasco Miranda,A (2248) Santiago de Chile 2014}) 13... g6 14. Rac1 a5 15. Nb5 axb4 16. axb4 Ra4 17. Ra1 (17. Rb1 $1 $11) 17... Rfa8 (17... Rxb4 $17 18. Rfb1 Rxb1+ 19. Nxb1 Ra8 20. Rxa8+ Bxa8) 18. Rxa4 Rxa4 19. Rb1 Ne5 {[%cal Bd7e5,Be5c6,Bc6a5][%mdl 32]} 20. f4 {[#]} (20. Bc2 $11 Ra8 21. Bd1) 20... Nc6 $1 $17 21. e5 (21. Qe3 $15) 21... dxe5 22. fxe5 Ne8 (22... Nd7 $17 23. Nd6 Ba8) 23. Be4 $15 Rxb4 24. Rxb4 Qxb4 25. Nf3 Na5 26. Bxb7 Nxb7 27. Nfd4 $2 {[#] This move loses the game for White.} (27. Qe4 $17 Na5 28. Qa8) 27... Na5 $19 28. Kf2 Nxc4 29. Na7 $2 (29. Qe4) 29... Qc5 30. Nac6 Na5 {Accuracy: White = 35%, Black = 81%.} 0-1

[Event "HUN-ch Rapid 2020"]
[Site "Ajka"]
[Date "2020.07.17"]
[Round "1.5"]
[White "Banusz, Tamas"]
[Black "Juhasz, Judit"]
[Result "1-0"]
[WhiteElo "2628"]
[BlackElo "2053"]
[Annotator "TA"]
[PlyCount "71"]
[EventDate "2020.07.17"]
[EventType "rapid"]
[EventCountry "HUN"]
[SourceTitle "playchess.com"]
[Source "ChessBase"]
[SourceQuality "1"]

{[%evp 18,71,31,39,35,27,31,27,49,46,42,43,89,59,124,112,136,123,108,76,81,54,117,112,108,71,78,65,74,58,90,82,170,129,169,181,167,126,168,169,165,172,343,343,340,350,343,343,342,344,377,362,403,409,721,689]} 1. d4 Nf6 2. Nf3 g6 3. g3 Bg7 4. Bg2 O-O 5. O-O d6 6. c4 Nc6 7. Nc3 e5 8. dxe5 dxe5 9. Bg5 Be6 10. Nd2 h6 {E62: King's Indian: Fianchetto: 6...c6 and Panno Variation (6...Nc6) without ...a6.} 11. Bxf6 Bxf6 12. Nde4 Bg7 {White has an edge.} 13. Nc5 Qc8 {[#]} 14. Qa4 $146 ({Predecessor:} 14. Nd5 Re8 15. Nxe6 Rxe6 16. Bh3 f5 17. g4 Re8 18. gxf5 gxf5 19. Kh1 Ne7 20. e4 Nxd5 21. cxd5 {1-0 (59) Vantika,A (2143)-Elgabry,M (2305) Mumbai 2018}) 14... Rb8 15. Rfd1 Nd4 (15... Bg4 $14) 16. e3 $16 Nf5 17. Qxa7 {[%cal Rg2b7]} Nd6 {Threatens to win with ...Ra8.} 18. Qa4 Bxc4 19. Rac1 b6 (19... Rd8 $14) 20. N5e4 Nxe4 21. Nxe4 b5 22. Qb4 Rd8 23. b3 Be2 24. Rd2 Bf8 (24... Bg4 $16) 25. Qc3 Rxd2 26. Qxd2 Bg4 27. Nf6+ Kg7 28. Nxg4 Qxg4 29. Rxc7 {aiming for Bd5.} Bb4 $2 {[#]} (29... Rb6 30. Bc6 Qf5) 30. Qd5 $1 $18 {[%csl LRe5,LRf7][%mdl 64] Double Attack} Qf5 31. Be4 Qf6 {[#]} 32. Rxf7+ $1 {[%mdl 576] Deflection} Qxf7 33. Qxe5+ {[%mdl 64] Double Attack} Qf6 34. Qxb8 Qa1+ 35. Kg2 Be7 (35... Qf6 $142 36. Qxb5 Qe7) 36. Bd5 {Accuracy: White = 79%, Black = 44%.} 1-0

[Event "HUN-ch Rapid 2020"]
[Site "Ajka"]
[Date "2020.07.17"]
[Round "1.6"]
[White "Majoros, Rozsa Evelin"]
[Black "Papp, Gabor"]
[Result "0-1"]
[WhiteElo "2003"]
[BlackElo "2602"]
[Annotator "TA"]
[PlyCount "84"]
[EventDate "2020.07.17"]
[EventType "rapid"]
[EventCountry "HUN"]
[SourceTitle "playchess.com"]
[Source "ChessBase"]
[SourceQuality "1"]

{[%evp 10,84,56,14,68,54,72,30,35,-6,21,0,18,-21,-21,-43,-16,-29,-23,-45,-25,-36,-22,-82,-81,-78,-70,-105,-49,-47,-50,-82,-71,-68,-101,-113,-105,-105,-101,-100,-108,-157,-135,-237,0,-8,0,-146,-147,-151,-150,-1598,-1464,-2618,-2572,-2505,-2447,-2170,-2104,-1543,-473,-2184,-2087,-2117,-2074,-2008,-1969,-1240,-1221,-29982,-29982,-29992,-29990,-29990,-29991,-29994,-29995]} 1. e4 g6 2. d4 Bg7 3. Nc3 d6 4. f4 c6 5. Nf3 Nd7 6. Bd3 b5 {B06: Modern Defence.} ({Better is} 6... e5 $11) 7. a3 a6 8. O-O c5 {White has an edge.} 9. Be3 {[#]} Ngf6 $146 ({Predecessor:} 9... cxd4 10. Bxd4 Bxd4+ 11. Nxd4 Qb6 12. Nce2 e5 13. fxe5 dxe5 14. c3 exd4 15. cxd4 Ne7 {0-1 (33) Wagner,P (1844)-Malyuga,V (2132) Opatija 2014}) 10. h3 {And now e5 would win.} cxd4 11. Nxd4 Bb7 12. Qd2 O-O 13. Rae1 Rc8 14. Bf2 Nc5 15. f5 Qc7 16. Qf4 (16. Qg5 $11) 16... e5 $17 17. fxe6 fxe6 18. Qd2 e5 (18... Rf7 $17 19. Qe3 Nh5) 19. Nf3 Nh5 $36 {[%mdl 2048] White is under pressure.} 20. a4 Nxd3 21. cxd3 b4 22. Ne2 a5 23. Rc1 Qd7 24. b3 d5 25. Bb6 {[#]} Ba6 $1 {Strongly threatening ...Rxc1.} ({Much weaker is} 25... dxe4 $6 26. dxe4 Qxd2 27. Nxd2 $15) 26. Qe3 (26. Rxc8 $17 Rxc8 27. Rf2) 26... d4 $2 (26... dxe4 $19 27. dxe4 Bxe2 28. Qxe2 Ng3 {[%mdl 64] Double Attack}) 27. Qd2 $11 {[#]} Rc3 $1 {[%mdl 512]} 28. Nxc3 (28. Bxa5 $11 Rxd3 29. Qxb4 Rdxf3 30. Rxf3 Bxe2 31. Rxf8+ Bxf8 32. Qb8) 28... bxc3 $17 ({But not} 28... dxc3 29. Qe3 $15) 29. Qc2 Bh6 {Hoping for ...Be3+.} 30. Nxe5 $2 {This move loses the game for White.} (30. Rce1 $17) 30... Be3+ $19 31. Kh2 Rxf1 32. Rxf1 {[#]} Qd6 $1 {[%csl LRb6,LRe5][%mdl 576] Double Attack} 33. g3 Qxe5 34. Rf3 {[#]} Bd2 (34... Nxg3 $142 $1 {[%mdl 512]} 35. Rxg3 Bf4) 35. Bd8 {[#]} (35. Qa2 $142 Bc8 36. b4+ Qe6 37. Qxe6+ Bxe6 38. bxa5) 35... Nxg3 $1 {[%mdl 512]} 36. Rxg3 Be1 {[%mdl 64] Pin} 37. Bh4 Qf4 {[%mdl 64] Pin} 38. Qg2 Bxd3 39. e5 Be4 {Black mates.} 40. Qg1 Bxg3+ 41. Bxg3 Qd2+ 42. Bf2 c2 {Accuracy: White = 44%, Black = 77%.} 0-1

[Event "HUN-ch Rapid 2020"]
[Site "Ajka"]
[Date "2020.07.17"]
[Round "1.7"]
[White "Erdos, Viktor"]
[Black "Tancsa, Tamas"]
[Result "1-0"]
[WhiteElo "2618"]
[BlackElo "2105"]
[Annotator "TA"]
[PlyCount "59"]
[EventDate "2020.07.17"]
[EventType "rapid"]
[EventCountry "HUN"]
[SourceTitle "playchess.com"]
[Source "ChessBase"]
[SourceQuality "1"]

{[%evp 18,59,37,35,46,51,55,43,97,91,106,100,127,131,133,108,190,195,175,192,160,154,153,147,230,161,201,192,196,135,154,135,139,129,235,230,244,249,317,291,320,270,333,277]} 1. Nf3 Nf6 2. c4 g6 3. Nc3 Bg7 4. g3 O-O 5. Bg2 d6 6. d4 Nbd7 7. O-O e5 8. Qc2 c6 9. Rd1 Qe7 {9...Re8 is the fancy move.} 10. b3 Rd8 {E67: King's Indian: Fianchetto: 6...Nbd7.} 11. e4 {[#]} h6 $146 ({Predecessor:} 11... a5 12. h3 exd4 13. Nxd4 Nc5 14. Be3 Re8 15. Re1 Ncxe4 16. Bxe4 Nxe4 17. Nxe4 Qxe4 18. Bd2 Qxd4 19. Rxe8+ Bf8 20. Rc1 Bf5 21. Rxa8 Bxc2 22. Bh6 Qg7 23. Bxg7 Kxg7 24. Re8 {1-0 (24) Drasko,M (2469)-Dazj,A (1875) Ischia 2011}) 12. h3 Kh8 ({Black should try} 12... a6 $14) 13. Be3 exd4 14. Nxd4 c5 15. Nde2 Ne5 16. Rd2 Bxh3 (16... b6 $16) 17. Bxh3 $18 {Black must now prevent Rdd1.} Nf3+ 18. Kg2 Nxd2 19. Qxd2 Nxe4 20. Qd3 Re8 (20... Nf6 $16 {was worth a try.} 21. Re1 a6) 21. Rd1 Nxc3 22. Nxc3 Rad8 23. Nd5 (23. Bg4 $18) 23... Qe4+ $16 24. Qxe4 Rxe4 25. Kf3 $36 {[%mdl 2048] White is on the roll.} f5 (25... Ree8 $16 26. a3 f5) 26. Nf4 $18 {[%mdl 1024] White has strong compensation.} Kh7 {[#]} 27. Bxc5 $1 {[%mdl 512]} Be5 (27... dxc5 28. Rxd8) 28. Be3 {White has a decisive advantage.} Rc8 29. Ke2 ({But not} 29. Bxa7 Ra8 $18) 29... Kg7 30. f3 {Accuracy: White = 65%, Black = 41%.} 1-0

[Event "HUN-ch Rapid 2020"]
[Site "Ajka"]
[Date "2020.07.17"]
[Round "1.8"]
[White "Palczert, Matyas"]
[Black "Antal, Gergely"]
[Result "0-1"]
[WhiteElo "2241"]
[BlackElo "2571"]
[Annotator "TA"]
[PlyCount "56"]
[EventDate "2020.07.17"]
[EventType "rapid"]
[EventCountry "HUN"]
[SourceTitle "playchess.com"]
[Source "ChessBase"]
[SourceQuality "1"]

{[%evp 9,56,22,74,-50,-35,-44,-44,-37,-38,-45,-46,-49,-37,-33,-42,-27,-40,-83,-37,-33,-26,-39,41,41,43,-46,-53,-66,-47,-47,-41,-46,-54,-75,-81,-132,-109,-176,-162,-245,-247,-270,-231,-423,-370,-795,-787,-739,-726]} 1. e4 c5 2. Nf3 Nc6 3. d4 cxd4 4. Nxd4 Nf6 5. Nc3 Qb6 (5... e6 $11) 6. Ndb5 {B33: Sicilian: Pelikan and Sveshnikov Variations.} ({White should try} 6. Be3 $16) 6... a6 $1 $15 {[%cal Ra6b5]} 7. Na3 e6 8. Nc4 {Black is slightly better.} Qc7 $1 9. Be3 b5 $1 {[%cal Rb5c4]} 10. Nb6 Rb8 11. Nxc8 Rxc8 12. Bd3 Ne5 {[#]} 13. f3 $146 ({Predecessor:} 13. Qe2 Bb4 14. Bd2 Nc4 15. Bxc4 Qxc4 16. Qxc4 Rxc4 17. f3 d5 18. e5 Nd7 19. O-O-O {0-1 (40) Dencsi,T (2275)-Horvath,A (2528) Hungary 2004}) 13... Nc4 14. Bxc4 Qxc4 15. e5 b4 (15... Nd5 $15 16. Nxd5 exd5) 16. exf6 $14 bxc3 17. b3 (17. fxg7 $14 Bxg7 18. b3) 17... Qh4+ $15 18. Ke2 gxf6 19. Qd3 Rc6 20. Rad1 {[%csl Gd1][%cal Rd3d7] [#]} d5 21. g4 h5 22. Bf2 (22. h3 $142) 22... Qh3 $17 23. g5 (23. Qd4 $17) 23... fxg5 $19 24. Qd4 (24. Rdg1 {was worth a try.}) 24... Rh6 25. Qa7 Bd6 {Strongly threatening ...g4.} 26. Rdg1 $2 (26. Rd3) 26... Qf5 27. Rc1 $2 (27. Kd1) 27... Rf6 28. Qe3 {[#]} Bf4 $1 {Accuracy: White = 45%, Black = 89%.} 0-1

[Event "HUN-ch Rapid 2020"]
[Site "Ajka"]
[Date "2020.07.17"]
[Round "1.9"]
[White "Nagy, Gabor"]
[Black "Papp, Bence"]
[Result "1-0"]
[WhiteElo "2502"]
[BlackElo "2135"]
[Annotator "TA"]
[PlyCount "61"]
[EventDate "2020.07.17"]
[EventType "rapid"]
[EventCountry "HUN"]
[SourceTitle "playchess.com"]
[Source "ChessBase"]
[SourceQuality "1"]

{[%evp 9,61,29,25,29,20,14,14,12,29,15,8,11,22,24,39,43,55,0,46,28,160,168,166,171,173,162,293,289,458,468,487,368,356,336,354,282,380,365,382,385,407,385,386,402,399,398,357,359,879,868,862,852,800,794]} 1. Nf3 Nf6 2. d4 b6 3. e3 Bb7 4. Bd3 g6 5. O-O Bg7 6. c4 {A47: 1 d4 Nf6 2 Nf3 b6: Torre, London and Colle Systems.} O-O 7. Nc3 d5 {7...e6 gains popularity.} 8. Qe2 {The position is equal.} e6 9. b3 Nbd7 10. Bb2 Re8 {[#]} 11. Rfd1 $146 ({Predecessor:} 11. cxd5 exd5 12. Ba6 Rb8 13. Rac1 c5 14. Bxb7 Rxb7 15. Nb5 Qb8 16. Ba3 a6 17. dxc5 bxc5 {1-0 (60) Fitzke,U (1886)-Feliksinski,T (1730) Miedzyzdroje 2015}) 11... a5 12. Rac1 Ne4 13. cxd5 (13. Na4 $14) 13... Nxc3 14. Rxc3 e5 {Black is on the road to losing.} (14... exd5 $11 15. Bb5 Re6) 15. Bb5 $16 {Strongly threatening dxe5.} e4 16. Ne5 $1 {[%cal Re5d7]} Nxe5 17. Bxe8 ({Not} 17. dxe5 Rxe5 18. d6 cxd6 $11) 17... Ba6 (17... Nf3+ $142 18. gxf3 Qxe8 19. Rxc7 Bxd5 20. fxe4 Qxe4) 18. Bb5 $18 Nf3+ (18... Bxb5 {was called for.} 19. Qxb5 Ng4) 19. gxf3 exf3 20. Qxf3 Bxb5 21. e4 a4 22. b4 Qe7 23. a3 Re8 24. e5 f6 25. d6 {[%mdl 64] [#] Decoy} cxd6 26. Qd5+ Qe6 27. Qxe6+ ({Weaker is} 27. Qxb5 Qg4+ 28. Rg3 Qxd1+ 29. Kg2 Kf8 $16) 27... Rxe6 28. Rc8+ Kf7 $2 {[#]} (28... Re8) 29. d5 {White is clearly winning.} Re8 30. e6+ Kf8 31. Rdc1 {Accuracy: White = 90%, Black = 51%.} 1-0

[Event "HUN-ch Rapid 2020"]
[Site "Ajka"]
[Date "2020.07.17"]
[Round "1.10"]
[White "Kaloczi, Kristof"]
[Black "Czebe, Attila"]
[Result "0-1"]
[WhiteElo "2003"]
[BlackElo "2367"]
[Annotator "TA"]
[PlyCount "74"]
[EventDate "2020.07.17"]
[EventType "rapid"]
[EventCountry "HUN"]
[SourceTitle "playchess.com"]
[Source "ChessBase"]
[SourceQuality "1"]

{[%evp 19,74,-14,-18,-10,-11,-16,-15,-20,-23,-48,-59,-50,-52,-52,-56,-60,8,12,7,11,11,4,10,0,0,0,0,0,0,-16,-7,-10,0,0,0,0,0,-125,-114,-189,-175,-228,-225,-224,-216,-276,-276,-271,-257,-276,-276,-437,-392,-384,-390,-525,-512]} 1. e4 c5 2. c3 Nf6 3. e5 Nd5 4. Nf3 Nc6 5. Bc4 Nb6 6. Bb3 g6 7. d4 cxd4 8. cxd4 Bg7 9. O-O O-O 10. Bf4 d6 11. h3 {B22: Sicilian: 2 c3.} dxe5 12. dxe5 Qxd1 13. Rxd1 {The position is equal.} Be6 14. Nc3 Bxb3 15. axb3 {[%cal Ba2b3,Bb3b4,Bb4b5][%mdl 32]} Rfd8 16. Kf1 {[#]} Rxd1+ $146 ({Predecessor:} 16... Rac8 17. Ke2 Nd7 18. Rd5 e6 19. Rb5 Rc7 20. Rd1 a6 21. Nd5 exd5 22. Rbxd5 Ncb8 {0-1 (29) Gurieli,N (2351)-Grischuk,A (2549) Biel 1999}) 17. Rxd1 Na5 ({Black should try} 17... Rd8 $15) 18. b4 $11 Nc6 $1 19. b5 Na5 20. Nd5 {next Nxb6 is good for White.} Nac4 21. b3 Nxd5 22. Rxd5 Nb6 23. Rc5 Rd8 24. Ke2 Nd5 25. Bd2 f6 26. e6 h5 27. Rc4 Rd6 $36 {[%mdl 2048] Black has some pressure.} 28. Nd4 (28. Rc8+ $11 Kh7 29. Rb8) 28... Nb6 $17 29. Rb4 (29. Rc7 $17 {was worth a try.}) 29... f5 $19 30. Nf3 (30. Kd3 {was called for.}) 30... Rxe6+ 31. Kf1 Rd6 32. g4 hxg4 33. hxg4 e5 {And now ...e4 would win.} 34. Ke2 e4 35. Ne1 (35. Nh4 $142 Bf8 36. Be3) 35... Rd7 36. gxf5 gxf5 37. f3 Bf8 {Accuracy: White = 56%, Black = 93%.} 0-1

[Event "HUN-ch Rapid 2020"]
[Site "Ajka"]
[Date "2020.07.17"]
[Round "1.11"]
[White "Mihok, Oliver"]
[Black "Lehocz, Jozsef"]
[Result "1-0"]
[WhiteElo "2552"]
[BlackElo "1959"]
[Annotator "TA"]
[PlyCount "73"]
[EventDate "2020.07.17"]
[EventType "rapid"]
[EventCountry "HUN"]
[SourceTitle "playchess.com"]
[Source "ChessBase"]
[SourceQuality "1"]

{[%evp 21,73,61,94,97,123,122,131,99,125,108,106,102,97,73,82,55,114,117,109,107,109,79,84,54,70,53,62,78,114,116,121,88,100,21,182,0,0,-101,118,119,175,0,0,0,0,-66,-72,-72,-31,-464,1817,1740,2656,2530]} 1. e4 Nf6 2. e5 Nd5 3. c4 Nb6 4. d4 d6 5. exd6 cxd6 6. Nc3 g6 7. Be3 Bg7 8. Rc1 O-O 9. b3 Nc6 10. d5 Ne5 11. Be2 f5 12. Nh3 {B03: Alekhine's Defence: Four Pawns Attack.} h6 13. O-O Nbd7 {[#]} 14. Qd2 $146 {White is clearly better.} ({Predecessor:} 14. f4 Nf7 15. Kh1 Nf6 16. Bd4 g5 17. fxg5 hxg5 18. Bd3 f4 19. Bb1 Bxh3 20. gxh3 {1-0 (31) Prusikin,M (2485)-Ovsepyan,A (2090) Bayern 2016}) 14... Kh7 15. Bd4 Nf6 16. Nf4 g5 17. Nd3 Ng6 18. f4 g4 (18... Ne4 $14 19. Qe3 Bxd4 20. Qxd4 Qb6 21. Qxb6 axb6) 19. Nf2 h5 20. Bd3 h4 21. Rfe1 Nh5 22. Bxg7 Kxg7 23. Ne2 Qb6 {Threatening ...g3.} 24. g3 hxg3 25. hxg3 Bd7 26. Kg2 Rh8 27. b4 (27. Bb1 $1 $16) 27... e5 $2 {[#]} (27... a5 $1 $11) 28. c5 $2 (28. dxe6 $1 $18 Bxe6 29. Kg1) 28... Qc7 $11 29. Qc3 (29. fxe5 $11 {keeps the balance.} dxe5 30. b5) 29... Kf7 $2 (29... Nf6 $17 {keeps the pressure on.} 30. Bc4 Rae8 31. fxe5 dxe5) 30. fxe5 $16 Nxe5 (30... dxe5 $16 31. b5 Nf6) 31. Rh1 $2 (31. Nd4 $18 Nxg3 32. Ne6 (32. Kxg3 Qd8 $14) 32... Bxe6 33. dxe6+ Kg8 34. cxd6 Qxc3 35. Rxc3) 31... dxc5 32. bxc5 {And now Be4! would win.} Rae8 $1 33. Nf4 (33. Bc2 $11) 33... Nxf4+ $15 34. gxf4 {[#]} Ng6 $1 {[%cal Rg6f4]} ({But not} 34... Nxd3 35. Nxd3 (35. Rxh8 Nxf4+ 36. Kh1 Kg6 $17) 35... Re2+ 36. Kg3 $11) 35. Nxg4 $4 {[%mdl 8192]} (35. Rxh8 $15 Rxh8 36. d6) 35... Re2+ $4 {[%mdl 8192]} (35... Nxf4+ $19 36. Kg1 Rxh1+ 37. Kxh1 fxg4) 36. Bxe2 $18 {Qf6+ would kill now.} fxg4 37. Rxh8 {Accuracy: White = 49%, Black = 58%.} 1-0